LDR 00556naa#a2200169#i#450# 001 EN\\bibl\118978 005 20260427082033.1 011 ## _a1999-9917 100 ## _a20260330b2026####ek#y0engy0150####ca 102 ## _aRU 200 1# _aAWARENESS OF THE SOCIAL DANGER OF CRIME AS AN ELEMENT OF GUILT _eJournal article 210 1# _aRyazan _cAcademy of the FPS of Russia _d2026 215 ## _a16 с. 608 ## _aJournal article _2local 675 ## _aОбщая часть уголовного права. 343.2 _z 700 #1 _aShestakova _gNatalia Vladimirovna 856 4# _amcp.editorum.ru _u